[Event "Polanica Zdroj op-C 52nd"]
[Site "Polanica Zdroj"]
[Date "2016.08.28"]
[Round "8"]
[White "Musiolik, David"]
[Black "Karp, Maciej"]
[Result "1-0"]
[WhiteElo "1780"]
[BlackElo "1578"]
[PlyCount "115"]
[EventDate "2016.08.20"]
[EventType "swiss"]
[EventRounds "9"]
[EventCountry "POL"]
[SourceTitle "CBM 174 Extra"]
[Source "ChessBase"]
[SourceDate "2016.10.10"]
[SourceVersion "1"]
[SourceVersionDate "2016.10.10"]
[SourceQuality "1"]

1. e4 e6 2. d4 d5 3. e5 c5 4. c3 Qb6 5. Nf3 Nc6 6. a3 a5 7. Bd3 Bd7 8. 0-0 f6 9. Re1 0-0-0 10. Qc2 h6 11. Nh4 Nge7 12. dxc5 Qxc5 13. Be3 d4 14. cxd4 Qxc2 15. Bxc2 fxe5 16. dxe5 g5 17. Nf3 Bg7 18. Bc5 Nf5 19. h3 Kc7 20. Nc3 b6 21. Nb5+ Kb7 22. Bd6 Nxe5 23. Bxe5 Bxb5 24. Bxf5 Bxe5 25. Rxe5 exf5 26. Rxb5 Rhf8 27. Re1 g4 28. Nh4 gxh3 29. Re6 Rd1+ 30. Kh2 hxg2 31. Rexb6+ Kc7 32. Kxg2 f4 33. Rxh6 Rd3 34. Rf5 Rg8+ 35. Rg6 f3+ 36. Rxf3 Rxf3 37. Kxf3 Rb8 38. Rg5 a4 39. Ra5 Rxb2 40. Rxa4 Kd6 41. Re4 Kd5 42. Re3 Rb8 43. Ng2 Rf8+ 44. Nf4+ Kd4 45. Re4+ Kc3 46. a4 Rf7 47. Ke3 Rf5 48. Ne2+ Kb2 49. f4 Rf8 50. Ng3 Kb3 51. f5 Kc3 52. Rf4 Re8+ 53. Kf3 Kd3 54. f6 Re3+ 55. Kg4 Re8 56. f7 Rf8 57. Nh5 Rxf7 58. Rxf7 1-0

[Event "CZE-chTA U20 1314"]
[Site "Czech Republic"]
[Date "2014.04.26"]
[Round "9.3"]
[White "Eret, Jonas"]
[Black "Karp, Maciej"]
[Result "1-0"]
[WhiteElo "1898"]
[BlackElo "1587"]
[PlyCount "147"]
[EventDate "2013.10.12"]
[EventType "team-tourn"]
[EventRounds "11"]
[EventCountry "CZE"]
[SourceTitle "EXT 2015"]
[Source "ChessBase"]
[SourceDate "2014.11.20"]
[SourceVersion "1"]
[SourceVersionDate "2014.11.20"]
[SourceQuality "1"]
[WhiteTeam "Klatovy (U20)"]
[BlackTeam "Orlova Slavia (U20)"]
[WhiteTeamCountry "CZE"]
[BlackTeamCountry "CZE"]

1. d4 e6 2. Nf3 f5 3. c4 Nf6 4. Nc3 Bb4 5. e3 b6 6. Bd3 Bb7 7. 0-0 Bxc3 8. bxc3 0-0 9. Ba3 Re8 10. Nd2 d6 11. f4 g5 12. Qe2 g4 13. e4 d5 14. cxd5 exd5 15. e5 Ne4 16. Nxe4 dxe4 17. Bc4+ Bd5 18. Rfd1 c6 19. Bb3 Bxb3 20. axb3 Qc8 21. c4 Nd7 22. Qf2 Nf8 23. Rac1 a5 24. d5 c5 25. Bb2 Ng6 26. g3 Qd7 27. Qe3 Rad8 28. Qc3 Re7 29. Rd2 Qb7 30. Rcd1 Ree8 31. e6 Rd6 32. Qf6 Rf8 33. Qg5 Qe7 34. Qxe7 Nxe7 35. Be5 Nc8 36. Bxd6 Nxd6 37. Kf2 Kg7 38. Rh1 Ra8 39. Ra2 h5 40. h3 Rh8 41. Ke1 Kg6 42. Kd1 Rh7 43. Rah2 Ne8 44. Kc2 Nd6 45. Kb2 Ne8 46. Ka3 Nd6 47. Ka4 Rh8 48. e7 gxh3 49. Rxh3 Kf7 50. Rxh5 Rxh5 51. Rxh5 Kxe7 52. Rh6 Kd7 53. Re6 Kc7 54. Ka3 b5 55. cxb5 Nxb5+ 56. Ka4 Nc3+ 57. Kxa5 Nxd5 58. Kb5 Kd7 59. Re5 Nb4 60. Rxf5 Nd3 61. Kc4 Kc6 62. Rh5 Nb2+ 63. Kc3 Nd1+ 64. Kd2 Nf2 65. Ke2 Nd3 66. Ke3 Nc1 67. Kxe4 Nxb3 68. f5 Nd4 69. f6 Kd6 70. f7 Ke7 71. Rxc5 Ne6 72. Rf5 Kf8 73. g4 Nd8 74. Kd5 1-0

[Event "Liptovsky Mikulas CupT U20"]
[Site "Liptovsky Mikulas"]
[Date "2013.06.25"]
[Round "7"]
[White "Spacek, Oliver"]
[Black "Karp, Maciej"]
[Result "1/2-1/2"]
[WhiteElo "2073"]
[BlackElo "1526"]
[PlyCount "137"]
[EventDate "2013.06.21"]
[EventType "team-tourn"]
[EventRounds "8"]
[EventCountry "SVK"]
[SourceTitle "EXT 2014"]
[Source "ChessBase"]
[SourceDate "2013.11.20"]
[SourceVersion "1"]
[SourceVersionDate "2013.11.20"]
[SourceQuality "1"]

1. d4 d5 2. c4 e6 3. Nf3 Nf6 4. g3 Be7 5. Bg2 Nbd7 6. 0-0 0-0 7. Nbd2 c6 8. b3 Bb4 9. Bb2 Re8 10. a3 Bxd2 11. Qxd2 Ne4 12. Qc2 f5 13. Ne5 Ndf6 14. c5 Ng5 15. Bc1 Nf7 16. Nxf7 Kxf7 17. Bf4 Nd7 18. f3 Qf6 19. e4 Qxd4+ 20. Kh1 Qxc5 21. Qd3 Nf6 22. Be3 Qe7 23. b4 b6 24. Rac1 Bd7 25. e5 Ng8 26. h4 Rec8 27. Qd4 Rc7 28. Bg5 Qf8 29. h5 c5 30. bxc5 bxc5 31. Qf4 Ne7 32. h6 g6 33. Qh4 Bb5 34. Rfd1 Rac8 35. g4 Kg8 36. Rxc5 Rxc5 37. Bxe7 Qf7 38. Bxc5 Rxc5 39. gxf5 Qxf5 40. Qe7 Qf8 41. Qxe6+ Qf7 42. Qd6 Qf8 43. Qe6+ Qf7 44. Bh3 Kf8 45. Qd6+ Qe7 46. Qb8+ Be8 47. Rd4 Rc1+ 48. Kh2 Rc2+ 49. Kg3 Rc4 50. Rxc4 dxc4 51. e6 c3 52. Qe5 Kg8 53. Qxc3 Qg5+ 54. Bg4 Qxh6 55. e7 Qg7 56. Qc4+ Kh8 57. Qc7 h5 58. Bh3 Qf6 59. f4 g5 60. fxg5 Qxg5+ 61. Kh2 Qd2+ 62. Bg2 Qe1 63. Qxa7 Qh4+ 64. Kg1 Qe1+ 65. Kh2 Qh4+ 66. Bh3 Qf4+ 67. Kg1 Qg3+ 68. Bg2 Qe1+ 69. Kh2 1/2-1/2

[Event "POL Region-ch U15"]
[Site "Szczyrk"]
[Date "2012.10.21"]
[Round "4.9"]
[White "Bialucha, Sebastian"]
[Black "Karp, Maciej"]
[Result "0-1"]
[WhiteElo "1298"]
[BlackElo "1470"]
[PlyCount "80"]
[EventDate "2012.10.14"]
[EventType "swiss"]
[EventRounds "9"]
[EventCountry "POL"]
[SourceTitle "EXT 2023"]
[Source "ChessBase"]
[SourceDate "2022.10.05"]
[SourceVersion "1"]
[SourceVersionDate "2022.10.05"]
[SourceQuality "1"]

1. e4 e6 2. d4 d5 3. e5 c5 4. c3 Qb6 5. Nf3 Nc6 6. Bd3 cxd4 7. cxd4 Bd7 8. Be2 Nh6 9. b3 Nf5 10. Bb2 Bb4+ 11. Kf1 Be7 12. g3 f6 13. Kg2 fxe5 14. dxe5 Bc5 15. Rf1 Bxf2 16. Bc1 Be3 17. Kh1 0-0 18. Bd3 Bxc1 19. Qxc1 Ne3 20. Rf2 Ng4 21. Rf1 Ncxe5 22. Be2 Nxf3 23. Rxf3 Rxf3 24. Bxf3 Ne5 25. Be2 Qd4 26. Nd2 Rc8 27. Qd1 Qe3 28. Kg2 Bc6 29. Nf3 d4 30. Qf1 Rf8 31. Qf2 Bxf3+ 32. Bxf3 Qxf3+ 33. Qxf3 Rxf3 34. Rd1 Rd3 35. Re1 Re3 36. Rd1 d3 37. Kf1 Kf7 38. Rd2 Re2 39. Rxe2 dxe2+ 40. Kxe2 Kf6 0-1

[Event "Polanica Zdroj op-D 48th"]
[Site "Polanica Zdroj"]
[Date "2012.08.26"]
[Round "9"]
[White "Zakrocki, Kacper"]
[Black "Karp, Maciej"]
[Result "1-0"]
[WhiteElo "1583"]
[BlackElo "1409"]
[PlyCount "73"]
[EventDate "2012.08.18"]
[EventType "swiss"]
[EventRounds "9"]
[EventCountry "POL"]
[SourceTitle "EXT 2014"]
[Source "ChessBase"]
[SourceDate "2013.11.20"]
[SourceVersion "1"]
[SourceVersionDate "2013.11.20"]
[SourceQuality "1"]

1. e4 e6 2. d4 d5 3. exd5 exd5 4. Bd3 Bd6 5. Nf3 Bg4 6. 0-0 Ne7 7. c3 Nbc6 8. Be3 Qd7 9. Nbd2 f6 10. Qc2 0-0-0 11. b4 h5 12. Qa4 a6 13. Qb3 Nb8 14. b5 a5 15. b6 c6 16. Qa4 g5 17. Qxa5 Rdg8 18. c4 h4 19. cxd5 Bxf3 20. Nxf3 g4 21. Ne1 g3 22. dxc6 gxh2+ 23. Kh1 Nbxc6 24. Qa8+ Nb8 25. Rc1+ Kd8 26. Be4 Nec6 27. d5 Ne5 28. Bc5 Qb5 29. Nf3 Bxc5 30. Qxb8+ Ke7 31. Qc7+ Nd7 32. Bf5 Rd8 33. Rfe1+ Kf7 34. Bxd7 Bxb6 35. Bxb5+ Bxc7 36. Rxc7+ Kg6 37. Rd7 1-0

[Event "Polanica Zdroj op-D 48th"]
[Site "Polanica Zdroj"]
[Date "2012.08.24"]
[Round "7"]
[White "Kowalski, Roman"]
[Black "Karp, Maciej"]
[Result "1/2-1/2"]
[WhiteElo "1599"]
[BlackElo "1409"]
[PlyCount "108"]
[EventDate "2012.08.18"]
[EventType "swiss"]
[EventRounds "9"]
[EventCountry "POL"]
[SourceTitle "EXT 2014"]
[Source "ChessBase"]
[SourceDate "2013.11.20"]
[SourceVersion "1"]
[SourceVersionDate "2013.11.20"]
[SourceQuality "1"]

1. e4 e6 2. d4 d5 3. exd5 exd5 4. Nf3 Bd6 5. Bd3 Bg4 6. 0-0 Ne7 7. Be3 0-0 8. Nbd2 Ng6 9. Qc1 Nc6 10. c3 Qd7 11. Qc2 Bxf3 12. Nxf3 Rae8 13. Bf5 Qd8 14. Qb3 b6 15. Qb5 Nce7 16. Bd7 a6 17. Qa4 b5 18. Bxb5 axb5 19. Qxb5 c6 20. Qd3 Qd7 21. a4 Ra8 22. a5 Rfb8 23. b4 Rb5 24. g3 Nf5 25. Bd2 Be7 26. Rfc1 Nd6 27. Re1 Nc4 28. Ra2 Bf6 29. Be3 Ne7 30. Nd2 Nxd2 31. Rxd2 Nc8 32. Bf4 Nd6 33. Bxd6 Qxd6 34. Rde2 Rbb8 35. a6 Qd7 36. f4 g6 37. Kg2 Rb6 38. Ra2 Qf5 39. Qxf5 gxf5 40. a7 Kf8 41. Rea1 Ke7 42. Ra6 Rxa6 43. Rxa6 Kd7 44. b5 Bd8 45. bxc6+ Kc7 46. Kf2 Be7 47. Ke3 Bd6 48. Kd3 Be7 49. Kc2 Bd6 50. Kb3 Be7 51. Ka4 Kc8 52. Kb5 Kc7 53. Ra1 Bd6 54. Ra2 Be7 1/2-1/2